000 00653nam a2200181 i 4500
001 134747
003 ES-MaACL
005 20230906194733.0
007 t|
008 070913s1949 sp ||||1| spa d
100 1 _aWeisbach, Werner.
_9116384
245 1 0 _aReforma religiosa y arte medieval
_b: la influencia de Cluny en el románico occidental /
_cWerner Weisbach ; traducción española de Helmunt Schlunk y L. Vázquez de Parga.
260 _aMadrid :
_bEspasa-Calpe,
_c1949.
300 _a320 p., 36 lám. ;
_c25 cm.
700 1 _aSchlunk, Helmut.
_9104439
700 1 _aVázquez de Parga, Luis.
_9113422
852 _aES-MaACL
_jB-7459
_bR.26939
999 _c134747
_d134747